Регионална библиотека "Любен Каравелов" - Русе

Дизайнерът (Запис номер 207356)

MARC детайли
000 -Лидер
Контролно поле с фиксирана дължина 01518nam a2200385 a 4500
003 - Код на организацията, давaща контролен номер
Контролно поле BLK
005 - Дата и час на последна редакция
Контролно поле 20250718125801.0
008 - Елементи от данни с фиксирана дължина
fixed length control field 180411b bul|||||r ||||||| ||bul||
010 ## - Наследен системен номер
LC control number KNG00217118000
020 ## - Международен стандартен номер на книга ISBN
Международен стандартен номер на книга ISBN 9789546558244
040 ## - Източник на каталожния запис
Идентификатор на билиотеката - собственик на записа BLK
041 ## - Код за език
Код за езика на текст/звукозапис или на отделно заглавие Български
Код за езика КДБФ Български
080 ## - УДК
Текстов определител УДК Американска литература (на САЩ)
УДК код - определител по УДК 821.111(73)
УДК определител -31
УДК - код + определител 821.111(73)-31
100 1# - Редна дума - Автор
Автор Габриел, Мариус
Авторска отговорност първи автор
R(LIN) 269622
139 ## - Редно поле
Редна дума Габриел, Мариус
Авторски знак Габ - Г 13
245 10 - Сведения за заглавието
Заглавие Дизайнерът
Редно поле (дума) Мариус Габриел ; прев. Гергана Дечева.
Подзаглавни данни роман
257 ## - Страна на издаване
Страна на създаване/издаване Съединени американски щати
260 ## - Област на издателските данни
Година на издаване 2018
9 (RLIN) 209457
Място на издаване, разпространение и проч. София
Име на издателя, разпространителя и проч. Бард
Печатница София : Алианс принт
300 ## - Физическа характеристика
Страници 350 с.
Размери/Мащаб 21 см
380 ## - Жанр
Жанр Худож. лит.
500 ## - Общи забележки
Забележка Ориг. загл. The Designer / Marius Gabriel.
659 #7 - Тематичен бюлетин
9 (RLIN) 178160
Тематичен бюлетин Н
Тематичен бюлетин - текст Нови книги
700 1# - Други автори (авторска отговорност)
Лично име Дечева, Гергана Петрова
Дати, свързани с автора 1965 -
Друга информация Блак, Вирджиния. Автор на проза. Журналист. Преводач от английски и немски език
9 (RLIN) 60306
700 ## - Други автори (авторска отговорност)
Лично име Николова, Елка
Автороска отговорност (Описва отношението между автора и произведението) ред.
9 (RLIN) 1311
765 ## - Описание на заглавието на оригиналният език
Редна дума на основното описание The Designer
Поясняваща информация Gabriel, Marius
852 ## - Местоположение
Форматна сигнатура Цб 292358
856 4# - Електронен адрес и достъп
Електронен формат pdf - файл
856 4# - Електронен адрес и достъп
Електронен формат pdf - файл
999 ## - СИСТЕМНИ КОНТРОЛНИ НОМЕРА
Koha biblionumber 207356
Koha biblioitemnumber 207356
942 ## - АРТИКУЛИ
Вид на библиотечния материал Книги
Скрит в OPAC Не
Koha issues (borrowed), all copies 87
944 ## - СЪЗДАВАНЕ И РЕДАКЦИЯ на ЗАПИСА
Създаване/Редакция Създаване
Дата на регистрацията/редакция 10.03.2018
Служител, извършил регистрацията/редакцията 30576
Статус, дата на статуса Цветомила Тодорова
944 ## - СЪЗДАВАНЕ И РЕДАКЦИЯ на ЗАПИСА
Създаване/Редакция Редакция
Дата на регистрацията/редакция 20.03.2018
Служител, извършил регистрацията/редакцията Виолета_Тройчева
999 ## - СИСТЕМНИ КОНТРОЛНИ НОМЕРА
Koha biblioitemnumber 207356
999 ## - СИСТЕМНИ КОНТРОЛНИ НОМЕРА
Koha biblioitemnumber 207356
999 ## - СИСТЕМНИ КОНТРОЛНИ НОМЕРА
Koha biblioitemnumber 207356
Наличности
Код за отписване Код за изгубен артикул Източник на класификационната схема Код за повреда Коз за рестрикции Код за отдаване Артикулен № Име на библиотеката - собственик Име на библиотеката, в която се намира в момента Статус (Текущо местоположение) Дата на вписване в системата Местоположение - отдел Цена в лева Инвентарен номер Систематично азбучна сигнатура Баркод Номер на екземпляра Цена в евро Служебна бележка Служебен тип на артикула
  Не е изгубен Universal Decimal Classification Не е повреден без рестрикции заемане за дома 357814 Регионална библиотека "Любен Каравелов" Русе Регионална библиотека "Любен Каравелов" Русе Заемна - подръчен фонд 2018-03-07 Заемна - подръчен фонд 13.50 120000819957 П 821-31/Г 13 120000819957 1 6.90 Дост: Pk Вид: Ф N: 949 Дата: 07.03.2018 Книги
  Не е изгубен Universal Decimal Classification Не е повреден без рестрикции заемане за дома 357815 Регионална библиотека "Любен Каравелов" Русе Регионална библиотека "Любен Каравелов" Русе Заемна - подръчен фонд 2018-03-07 Заемна - подръчен фонд 13.50 120000819958 П 820(73)-31/Г 13 120000819958 2 6.90 Дост: Pk Вид: Ф N: 949 Дата: 07.03.2018 Книги
  Не е изгубен Universal Decimal Classification Не е повреден без рестрикции ползва се в читалня 686400 Регионална библиотека "Любен Каравелов" Русе Регионална библиотека "Любен Каравелов" Русе Хранилище 2018-12-12 Хранилище 17.99   Цб 292358 120000827382   9.20   Книги
Vip Innovations Ltd, Rousse, Bulgaria 2025